|
|
|
|
| LEADER |
00000nam0a2200000 4500 |
| 001 |
36158 |
| 005 |
20231101210343.0 |
| 035 |
|
|
|a (RuTPU)RU\TPU\book\36627
|
| 035 |
|
|
|a BOOK00003279
|
| 090 |
|
|
|a 36158
|
| 100 |
|
|
|a 20011210d1963 k y0rusy50 ca
|
| 101 |
1 |
|
|a rus
|c eng
|
| 102 |
|
|
|a RU
|
| 105 |
|
|
|a a z 001zy
|
| 200 |
1 |
|
|a Оптимальное проектирование химических реакторов
|e пер. с англ.
|f Р. Арис
|
| 210 |
|
|
|a Москва
|c Изд-во иностранной литературы
|d 1963
|
| 215 |
|
|
|a 238 с.
|c ил.
|
| 330 |
|
|
|a Книга является первым систематическим изложением применения теории динамического программирования к решению задач оптимального проектирования химических реакторов. В ней приведено большое количество конкретных примеров расчета реакторов различных типов и дан общий алгоритм для решения задач оптимального проектирования. Книга представляет большой интерес для научных работников и инженеров, занимающихся эксплуатацией и проектированием химических реакторов, а также для математиков, специалистов по автоматизации и вычислительной технике и экономистов. Книга окажется полезной и как дополнительное учебное пособие для аспирантов и студентов старших курсов.
|
| 606 |
|
|
|a Реакторы химические
|x Проектирование
|2 stltpush
|3 (RuTPU)RU\TPU\subj\31319
|9 54200
|
| 610 |
1 |
|
|a химия
|
| 610 |
1 |
|
|a проектирование
|
| 610 |
1 |
|
|a оптимизация
|
| 675 |
|
|
|a 66.023.2
|v 3
|
| 700 |
|
1 |
|a Арис
|b Р.
|g Резерфорд
|
| 801 |
|
0 |
|a RU
|b 63413507
|c 20011210
|g PSBO
|
| 801 |
|
2 |
|a RU
|b 63413507
|c 20180111
|g PSBO
|
| 900 |
|
|
|a Оптимизация химических процессов ООНС
|
| 942 |
|
|
|c BK
|